Classement Ligue 1 2011-2012 - Statistiques

Statistiques générales
  • Ce quiz a été pris 309 fois
  • Le résultat moyen est 17 sur 20
Statistiques - réponses
Hint Réponse % Correct
10e Olympique de Marseille
100%
2e Paris SG
100%
4e Olympique Lyonnais
99%
3e LOSC
98%
7e AS Saint-Etienne
95%
5e Bordeaux
95%
1er Montpellier HSC
94%
6e Stade Rennais
93%
8e Toulouse FC
92%
20e AJ Auxerre
91%
13e OGC Nice
91%
15e Stade Brestois
83%
17e FC Lorient
81%
16e AC Ajaccio
71%
14e FC Sochaux Montbéliard
71%
18e SM Caen
69%
19e Dijon FCO
64%
9e Evian-Thonon Gaillard
63%
11e AS Nancy Lorraine
61%
12e Valenciennes FC
52%
Aucun quiz correspondant
Distribution des résultats
% des personnes avec chaque résultat
Percentile par nombre de réponses
Votre historique - résultats
Vous n’avez pas pris ce quiz